| 000 | 00420nam a22001577a 4500 | ||
|---|---|---|---|
| 003 | OSt | ||
| 008 | 230221b |||||||| |||| 00| 0 eng d | ||
| 041 | _amal | ||
| 082 |
_a894.812 3 _bPER/CH |
||
| 100 |
_aPerumal Murugan _95381 |
||
| 245 |
_aChadanasoap _bചന്ദനസോപ്പ് : ദളിത് -പെൺകഥകൾ |
||
| 250 | _a3rd | ||
| 260 |
_aTrissur _bSamatha _c2022 |
||
| 300 | _a176 | ||
| 942 | _cBK | ||
| 999 |
_c17626 _d17626 |
||